000 01502nam a2200325 4500
003 EC-UNACH
005 20260313155450.0
006 s||||gr|||| 00| 00
008 150116t9999 mx r gr 000 0 spa d
020 _a978-970-15-1251-7
040 _aEC-UNACH
_cEC-UNACH
041 _aspa
050 _a005.1
082 0 4 _223
_a005.1
_bL018593
100 _aCeballos, Fco. Javier
245 _aMicrosoft Visual Basic .Net
_bLenguaje y aplicaciones
250 _aSegunda Edición
264 _aMéxico D.F., México
_bAlfaomega Grupo Editorial, S.A.
_c2007
300 _a520 páginas.
_bImágenes
_c17 x 23 cm.
501 _aIncluye: Contenido, Apéndice, índice.
505 _aCapítulo 1. Fases en el desarrollo de un programa -- Capítulo 2. Fundamentos de Visual Basic .Net -- Capítulo 3. Programación Orientada a Objetos -- Capitulo 4. Elementos del Lenguaje -- Capítulo 5. Escritura de un programa -- Capítulo 6 Clases de uso común -- Capítulo 7. Sentencias de Control -- Capítulo 8. Matrices -- Capítulo 9. Más sobre procedimientos -- Capítulo 10. Trabajos con fichero -- Capítulo 11. Aplicaciones con interfaz grafica -- Capítulo 12. Acceso a una base de datos -- Capítulo 13. Visual Basic e internet.
650 _aLENGUAJE DE PROGRAMACIÓN
650 _aESTRUCTURA
650 _aPROGRAMACIÓN
650 _aHERRAMIENTAS
942 _2ddc
_c1
999 _c14410